[Event "Australian Junior Championship U16 2017"]
[Site "?"]
[Date "2017.01.19"]
[Round "6.13"]
[White "Rathnayake, Leron"]
[Black "Odenthal, Dylan"]
[Result "1-0"]
[WhiteElo "1003"]
[BlackElo "344"]
[PlyCount "37"]
[EventType "swiss"]
[EventRounds "4"]
[SourceDate "2017.01.16"]

1. d4 g6 2. c4 Bg7 3. e4 c5 4. Nf3 d6 5. Nc3 Nc6 6. d5 Bxc3+ 7. bxc3 Qa5 8.
dxc6 Qxc3+ 9. Bd2 Qg7 10. cxb7 Bxb7 11. Bd3 Nf6 12. O-O Bxe4 13. Bxe4 Nxe4 14.
Qa4+ Kd8 15. Ba5+ Kc8 16. Nd2 f5 17. Nxe4 fxe4 18. Qc6+ Kb8 19. Qc7# 1-0

[Event "Australian Junior Championship U16 2017"]
[Site "?"]
[Date "2017.01.20"]
[Round "6.6"]
[White "Bayaca, Sterling"]
[Black "Sarney, Jim"]
[Result "1-0"]
[WhiteElo "1546"]
[BlackElo "1135"]
[PlyCount "41"]
[EventType "swiss"]
[EventRounds "4"]
[SourceDate "2017.01.16"]

1. d4 d5 2. Bf4 Nf6 3. e3 Bf5 4. Nf3 e6 5. Bd3 Bg6 6. Ne5 Bd6 7. Nd2 Nbd7 8. h3
Bxd3 9. cxd3 Qe7 10. Ndf3 Nh5 11. Bh2 Bb4+ 12. Kf1 Nhf6 13. Nxd7 Nxd7 14. Bxc7
Bd6 15. Rc1 Rc8 16. Bxd6 Rxc1 17. Qxc1 Qxd6 18. Qc8+ Ke7 19. Qxh8 Qc6 20. Ke2
Qc2+ 21. Nd2 1-0

[Event "Australian Junior Championship U16 2017"]
[Site "?"]
[Date "2017.01.19"]
[Round "6.9"]
[White "Gooch, Aryn"]
[Black "Ilka, Alexander"]
[Result "1-0"]
[WhiteElo "1074"]
[BlackElo "617"]
[PlyCount "75"]
[EventType "swiss"]
[EventRounds "4"]
[SourceDate "2017.01.16"]

1. e4 e5 2. Nf3 Nc6 3. d4 d6 4. dxe5 dxe5 5. Qxd8+ Kxd8 6. Nc3 Nf6 7. Bc4 h6 8.
Bxf7 Bb4 9. Bd2 Ke7 10. Bd5 Bd7 11. Bxc6 Bxc6 12. Nxe5 Bxc3 13. Nxc6+ bxc6 14.
Bxc3 Rhe8 15. Bxf6+ Kxf6 16. f3 Rab8 17. b3 Rb5 18. O-O Rd8 19. Rad1 Rd6 20. f4
Rxd1 21. Rxd1 Rb4 22. Rd7 Rxe4 23. Rxc7 Re2 24. Rxc6+ Kf5 25. Rc7 Kxf4 26. Rf7+
Kg4 27. Rxg7+ Kh4 28. Rc7 Kg4 29. Kf1 Rd2 30. Ke1 Rxg2 31. Rg7+ Kf3 32. Rxg2
Kxg2 33. c4 Kxh2 34. c5 Kg1 35. c6 h5 36. c7 h4 37. c8=Q Kg2 38. Qg4+ 1-0

[Event "Aus Juniors"]
[Site "?"]
[Date "2017.01.20"]
[Round "7.1"]
[White "Yang, Gordon"]
[Black "Gooch, Heath"]
[Result "1-0"]
[WhiteElo "1663"]
[BlackElo "1750"]
[PlyCount "120"]
[EventDate "2017.??.??"]
[EventType "swiss"]
[EventRounds "9"]
[SourceDate "2017.01.16"]

1. e4 c6 2. d4 d5 3. f3 dxe4 4. fxe4 Nf6 5. e5 Nd5 6. c4 Nb6 7. Nf3 Bg4 8. Be3
e6 9. Nc3 N8d7 10. c5 Nd5 11. Nxd5 exd5 12. Be2 Be7 13. O-O O-O 14. Qd2 f6 15.
exf6 Bxf6 16. h3 Bxf3 17. Rxf3 Re8 18. Bd3 Nf8 19. Raf1 Ne6 20. Bf5 Ng5 21.
Bxg5 Bxg5 22. Qd3 h6 23. Bg6 Re7 24. Bh7+ Kh8 25. Bg6 Re6 26. Bf5 Re7 27. Bg6
Bf6 28. Bh5 Re4 29. Kh1 Rxd4 30. Qg6 Qe7 31. Bg4 Qe8 32. Rxf6 gxf6 33. Qxf6+
Kg8 34. Qxd4 h5 35. Bd1 Qg6 36. Qf6 Qxf6 37. Rxf6 Kg7 38. Rd6 Re8 39. Bxh5 Re1+
40. Kh2 Rb1 41. b3 Rb2 42. Bf3 Rxa2 43. Rd7+ Kf6 44. Rxb7 Ke5 45. Rc7 Ra3 46.
Rxc6 Rxb3 47. Ra6 Rc3 48. c6 Kd6 49. Rxa7 Rxc6 50. Ra5 Rc5 51. Rxc5 Kxc5 52.
Bxd5 Kxd5 53. Kg3 Ke6 54. Kg4 Kf6 55. Kh5 Kg7 56. g4 Kh7 57. Kg5 Kg7 58. h4 Kh7
59. Kf6 Kh8 60. Kg6 Kg8 1-0

[Event "Aus Juniors"]
[Site "?"]
[Date "2017.01.20"]
[Round "7.2"]
[White "Yap, Ignatius"]
[Black "Hathiramani, Dillon"]
[Result "0-1"]
[WhiteElo "1865"]
[BlackElo "1835"]
[PlyCount "52"]
[EventDate "2017.??.??"]
[EventType "swiss"]
[EventRounds "9"]
[SourceDate "2017.01.16"]

1. e4 c5 2. c3 d6 3. d4 Nf6 4. dxc5 Nc6 5. f3 dxc5 6. Qxd8+ Nxd8 7. Be3 e5 8.
Nd2 Be6 9. Bc4 Be7 10. O-O-O Nd7 11. Bxe6 Nxe6 12. Nc4 O-O-O 13. Ne2 Kc7 14.
Rd5 f6 15. f4 b5 16. Na3 Kc6 17. Rhd1 exf4 18. Bxf4 Nb6 19. Rxd8 Rxd8 20. Rxd8
Bxd8 21. Be3 Bc7 22. Ng3 g6 23. Kd1 Be5 24. Ke2 Na4 25. c4 b4 26. b3 Nc3+ 0-1

[Event "Australian Junior Championship U16 2017"]
[Site "?"]
[Date "2017.01.20"]
[Round "7.3"]
[White "Ostapenko, Michael"]
[Black "Bayaca, Sterling"]
[Result "1-0"]
[WhiteElo "1777"]
[BlackElo "1546"]
[PlyCount "49"]
[EventType "swiss"]
[EventRounds "4"]
[SourceDate "2017.01.16"]

1. e4 b6 2. d4 Bb7 3. Nc3 e6 4. Bd3 Bb4 5. Nge2 Nf6 6. O-O O-O 7. a3 Be7 8. Ng3
c5 9. d5 Kh8 10. Re1 exd5 11. Nxd5 Re8 12. Bf4 Nxd5 13. exd5 g6 14. c4 d6 15.
Ne4 Na6 16. Nxd6 Bxd6 17. Rxe8+ Qxe8 18. Bxd6 Rd8 19. Bg3 Qd7 20. Qd2 Kg7 21.
Re1 Nc7 22. h3 Kg8 23. Qg5 Re8 24. Be5 a6 25. Qf6 1-0

[Event "Australian Junior Championship U16 2017"]
[Site "?"]
[Date "2017.01.20"]
[Round "7.4"]
[White "Au, Alexander"]
[Black "Slater-Jones, Henry"]
[Result "0-1"]
[WhiteElo "1612"]
[BlackElo "1693"]
[PlyCount "110"]
[EventType "swiss"]
[EventRounds "4"]
[SourceDate "2017.01.16"]

1. e4 c5 2. Nf3 d6 3. d4 cxd4 4. Nxd4 Nf6 5. Nc3 a6 6. Bg5 e6 7. f4 h6 8. Bh4
Qb6 9. Qd2 Qxb2 10. Rb1 Qa3 11. e5 dxe5 12. fxe5 Nfd7 13. Ne4 Qxa2 14. Rd1 Qd5
15. Qe3 Bc5 16. Be2 Nc6 17. c3 O-O 18. O-O Ncxe5 19. Kh1 Ng6 20. c4 Qc6 21. Bf2
e5 22. Nxc6 Bxe3 23. Bxe3 bxc6 24. Nd6 Nf6 25. Bxh6 gxh6 26. Rxf6 Kg7 27. Ne4
Be6 28. g3 Rfd8 29. Rdf1 Rd4 30. Nc5 Nf4 31. R1xf4 Rxf4 32. Rxe6 fxe6 33. gxf4
exf4 34. Nxe6+ Kf6 35. Nxf4 Ke5 36. Nd3+ Kd4 37. Nb4 Ke3 38. Bf1 c5 39. Nd5+
Kf2 40. Bg2 Re8 41. h3 Kg3 42. Kg1 Re1+ 43. Bf1 Kf3 44. Nf6 Rd1 45. Nd5 a5 46.
Nb6 Ra1 47. Nd7 a4 48. Nxc5 a3 49. Nb3 Rd1 50. c5 a2 51. c6 a1=Q 52. Nxa1 Rxa1
53. c7 Rc1 54. Kh2 Rc2+ 55. Kh1 Rxc7 0-1

[Event "Australian Junior Championship U16 2017"]
[Site "?"]
[Date "2017.01.19"]
[Round "7.6"]
[White "Salasan, Haran"]
[Black "Mercado, Rover-Leigh"]
[Result "0-1"]
[WhiteElo "1535"]
[BlackElo "971"]
[PlyCount "64"]
[EventType "swiss"]
[EventRounds "4"]
[SourceDate "2017.01.16"]

1. d4 d5 2. c4 c6 3. cxd5 cxd5 4. Bf4 Nc6 5. e3 a6 6. Nc3 Nf6 7. Bd3 Bg4 8.
Nge2 e6 9. O-O Be7 10. a3 O-O 11. b4 b5 12. Rc1 Rc8 13. Qc2 Bd6 14. f3 Bh5 15.
Bxd6 Qxd6 16. Nf4 Bg6 17. Nxg6 fxg6 18. Qb2 e5 19. Ne2 e4 20. fxe4 dxe4 21.
Qb3+ Kh8 22. Bb1 Ng4 23. Rxf8+ Rxf8 24. Ng3 Nxd4 25. Qd1 Nxe3 26. Qe1 Qf4 27.
Bxe4 Qg5 28. Rc3 Ng4 29. Qd1 Ne6 30. Bf3 Qe5 31. Qc1 Qd4+ 32. Kf1 Qf2# 0-1

[Event "Australian Junior Championship U16 2017"]
[Site "?"]
[Date "2017.01.20"]
[Round "7.7"]
[White "Harris, Patrick"]
[Black "Chan, Jacob"]
[Result "1/2-1/2"]
[WhiteElo "1169"]
[BlackElo "1315"]
[PlyCount "59"]
[EventType "swiss"]
[EventRounds "4"]
[SourceDate "2017.01.16"]

1. e4 c6 2. d4 d5 3. exd5 cxd5 4. Nc3 Nc6 5. Bb5 a6 6. Bxc6+ bxc6 7. Nf3 Bg4 8.
Qd3 e6 9. O-O Bd6 10. b3 Qc7 11. h3 Bxf3 12. Qxf3 Nf6 13. Bb2 O-O 14. Rfe1 c5
15. dxc5 Bxc5 16. Rac1 Bb4 17. Re2 Rfe8 18. Na4 Ne4 19. Qe3 Rad8 20. Qd4 Bf8
21. c4 Qb7 22. cxd5 Nf6 23. Nc5 Qxd5 24. Qxd5 Rxd5 25. Bxf6 Bxc5 26. Bb2 f6 27.
Rec2 Bd6 28. Kf1 Bf4 29. Re1 e5 30. g3 1/2-1/2

[Event "Australian Junior Championship U16 2017"]
[Site "?"]
[Date "2017.01.20"]
[Round "7.10"]
[White "Huang, Aaron"]
[Black "Vagionas, George"]
[Result "0-1"]
[WhiteElo "683"]
[BlackElo "564"]
[PlyCount "52"]
[EventType "swiss"]
[EventRounds "4"]
[SourceDate "2017.01.16"]

1. d4 Nf6 2. c4 e6 3. e3 d5 4. Nc3 Bb4 5. Nf3 Nc6 6. a3 Bxc3+ 7. bxc3 O-O 8.
Qc2 Ne4 9. Bd3 Nf6 10. cxd5 exd5 11. O-O Re8 12. a4 Bg4 13. Nd2 g6 14. Ba3 Bd7
15. Rfe1 Ng4 16. h3 Nh6 17. c4 Be6 18. cxd5 Bxd5 19. Qb2 Qg5 20. e4 Be6 21. d5
Bxh3 22. g3 Ne5 23. Be2 Nhg4 24. f4 Qf6 25. Kh1 Rad8 26. fxe5 Qf2 0-1

[Event "Australian Junior Championship U16 2017"]
[Site "?"]
[Date "2017.01.21"]
[Round "7.11"]
[White "Ilka, Alexander"]
[Black "Rathnayake, Leron"]
[Result "0-1"]
[WhiteElo "617"]
[BlackElo "1003"]
[PlyCount "76"]
[EventType "swiss"]
[EventRounds "4"]
[SourceDate "2017.01.16"]

1. e4 c5 2. Nf3 d6 3. Nc3 Nf6 4. d4 cxd4 5. Nxd4 a6 6. Be3 e6 7. Bg5 Nbd7 8.
Bc4 b5 9. Bb3 Bb7 10. Nf3 Be7 11. Qe2 Nc5 12. Bxf6 Bxf6 13. e5 Bxf3 14. Qxf3
Bxe5 15. O-O Nxb3 16. cxb3 b4 17. Na4 O-O 18. Rad1 Qa5 19. Qe3 Rfd8 20. Nb6
Rab8 21. Nc4 Qxa2 22. Nxe5 dxe5 23. Rxd8+ Rxd8 24. Qxe5 Qxb3 25. Qa5 Rd1 26. g3
Rxf1+ 27. Kxf1 h6 28. Qxa6 Qxb2 29. Qa8+ Kh7 30. Qe4+ g6 31. Qb7 Kg7 32. Qf3 b3
33. Qe3 Qa1+ 34. Kg2 b2 35. Qc3+ Kh7 36. Qc7 b1=Q 37. Qxf7+ Qg7 38. Qxe6 Qgb7+
0-1

[Event "Australian Junior Championship U16 2017"]
[Site "?"]
[Date "2017.01.20"]
[Round "7.8"]
[White "Sarney, Jim"]
[Black "Gooch, Aryn"]
[Result "0-1"]
[WhiteElo "1135"]
[BlackElo "1074"]
[PlyCount "70"]
[EventType "swiss"]
[EventRounds "4"]
[SourceDate "2017.01.16"]

1. e4 e5 2. Nc3 Nf6 3. f4 Bc5 4. Nf3 d6 5. Bc4 O-O 6. fxe5 dxe5 7. h3 Nc6 8. d3
a6 9. Bg5 Qd6 10. Qd2 Be6 11. Bxf6 Bxc4 12. Bg5 Be6 13. Rf1 Nd4 14. Nh4 Bd7 15.
Nd5 Nc6 16. Nf6+ Kh8 17. Nf5 Bxf5 18. Rxf5 Ne7 19. Rf1 Ng6 20. h4 Nf4 21. Bxf4
Qxf6 22. Bg5 Qb6 23. Ke2 f6 24. Be3 Bxe3 25. Qxe3 Qxb2 26. Qd2 Rad8 27. Rfb1
Qd4 28. h5 h6 29. Qe3 Qxe3+ 30. Kxe3 b6 31. Rb3 Rd6 32. Rc3 Rc8 33. Rc4 c5 34.
a4 Rd4 35. Rxd4 cxd4+ {Scoresheet Incomplete} 0-1

[Event "Australian Junior Championship U16 2017"]
[Site "?"]
[Date "2017.01.21"]
[Round "8.3"]
[White "Gooch, Heath"]
[Black "Au, Alexander"]
[Result "1-0"]
[WhiteElo "1750"]
[BlackElo "1612"]
[PlyCount "51"]
[EventType "swiss"]
[EventRounds "4"]
[SourceDate "2017.01.16"]

1. e4 d5 2. exd5 Nf6 3. d4 Bg4 4. Bb5+ Nbd7 5. f3 Bf5 6. Nc3 a6 7. Ba4 b5 8.
Bb3 Nb6 9. Nge2 Nfxd5 10. Nxd5 Nxd5 11. O-O e6 12. Ng3 Bg6 13. f4 c5 14. c4 Nb6
15. f5 exf5 16. Nxf5 Bxf5 17. Rxf5 Qd7 18. Qf3 Rc8 19. Qe4+ Be7 20. dxc5 Nxc4
21. Bxc4 bxc4 22. Rd5 Qc6 23. Bg5 f6 24. Re1 Qc7 25. Bf4 Qb7 26. Rd8+ 1-0

[Event "Australian Junior Championship U16 2017"]
[Site "?"]
[Date "2017.01.21"]
[Round "8.4"]
[White "Bayaca, Sterling"]
[Black "Manuneedhi, Kabilan"]
[Result "1-0"]
[WhiteElo "1546"]
[BlackElo "1260"]
[PlyCount "115"]
[EventType "swiss"]
[EventRounds "4"]
[SourceDate "2017.01.16"]

1. e4 c5 2. Nf3 e6 3. d4 cxd4 4. Nxd4 Nc6 5. Nxc6 bxc6 6. Bd3 Nf6 7. O-O e5 8.
Be3 d5 9. Qf3 Be7 10. Qg3 Ng4 11. Bd2 Bh4 12. Qf3 Qf6 13. Qxf6 Bxf6 14. h3 Nh6
15. Nc3 d4 16. Ne2 Ng8 17. f4 Ne7 18. Bb4 Ng6 19. fxe5 Nxe5 20. Bc5 Bb7 21.
Rad1 Nxd3 22. Rxd3 Ba6 23. Rd2 Bg5 24. Rd3 Bxd3 25. cxd3 Be3+ 26. Kh2 Rd8 27.
Bxa7 Ra8 28. Bxd4 Bxd4 29. Nxd4 Rxa2 30. Nxc6 Rxb2 31. Ra1 Kd7 32. Ne5+ Ke6 33.
d4 Rhb8 34. Ra7 R8b7 35. Ra8 f6 36. Re8+ Re7 37. d5+ Kxe5 38. Rxe7+ Kd6 39.
Rxg7 Re2 40. Rg4 Ra2 41. Rh4 Ra7 42. Rh5 Re7 43. Rh4 Ra7 44. Kg3 Ke5 45. Rg4
Rb7 46. Kh4 Rf7 47. g3 Kd6 48. Kh5 Ke7 49. Rf4 Kd6 50. Rf5 Ke7 51. g4 Rf8 52.
g5 Ra8 53. gxf6+ Kf7 54. e5 h6 55. e6+ Kf8 56. d6 Ra6 57. d7 Rxe6 58. d8=Q+ 1-0

[Event "Australian Junior Championship U16 2017"]
[Site "?"]
[Date "2017.01.21"]
[Round "8.5"]
[White "Mercado, Rover-Leigh"]
[Black "Yap, Ignatius"]
[Result "0-1"]
[WhiteElo "971"]
[BlackElo "1865"]
[PlyCount "88"]
[EventType "swiss"]
[EventRounds "4"]
[SourceDate "2017.01.16"]

1. e4 c6 2. d4 d5 3. exd5 cxd5 4. Nc3 Bf5 5. Nf3 Nc6 6. a3 e6 7. Bf4 a6 8. b4
Rc8 9. Qd2 Nxb4 10. Bd3 Nxd3+ 11. cxd3 Qa5 12. Ne2 Qb5 13. Ne5 f6 14. Nf3 Qxd3
15. Rd1 Qxd2+ 16. Bxd2 Bxa3 17. O-O Bd3 18. Rfe1 Bxe2 19. Rxe2 Kd7 20. Rde1 Rc6
21. Bf4 Ne7 22. Rb1 b5 23. Ra2 Bd6 24. Bxd6 Kxd6 25. Rba1 Rhc8 26. Kf1 Rc1+ 27.
Rxc1 Rxc1+ 28. Ke2 Rc6 29. g4 Ng6 30. Nd2 e5 31. Nb3 Nf4+ 32. Kd2 Ne6 33. dxe5+
fxe5 34. Na5 Rb6 35. h4 Nc5 36. f3 b4 37. Rb2 Rb5 38. Nb3 Nxb3+ 39. Rxb3 a5 40.
Rb1 b3 41. Kc3 a4 42. Kb2 Kc5 43. Ka3 b2 44. Kxa4 Kc4 0-1

[Event "Australian Junior Championship U16 2017"]
[Site "?"]
[Date "2017.01.21"]
[Round "8.6"]
[White "Ginovic, Aleksy"]
[Black "Gooch, Aryn"]
[Result "1-0"]
[WhiteElo "1224"]
[BlackElo "1074"]
[PlyCount "89"]
[EventType "swiss"]
[EventRounds "4"]
[SourceDate "2017.01.16"]

1. d4 d5 2. Nf3 Nf6 3. c4 e6 4. Nc3 Be7 5. Bf4 O-O 6. e3 Nbd7 7. h3 c6 8. cxd5
exd5 9. Bd3 Re8 10. O-O Nf8 11. Rb1 Ng6 12. Bh2 b6 13. b4 Bd7 14. a4 Qc8 15.
Qb3 Ne4 16. Nxe4 dxe4 17. Bxe4 Bxb4 18. Bxg6 hxg6 19. Qxb4 Bf5 20. Rbc1 Qe6 21.
Rc3 Rac8 22. Rfc1 Be4 23. Ng5 Qd5 24. Nxe4 Qxe4 25. a5 bxa5 26. Qxa5 Re7 27.
Qa6 Ree8 28. Rxc6 Rxc6 29. Qxc6 Qxc6 30. Rxc6 Ra8 31. Ra6 Kf8 32. Bd6+ Ke8 33.
Bc5 Rb8 34. Rxa7 Rb1+ 35. Kh2 Rf1 36. Kg3 Rb1 37. Re7+ Kf8 38. Rb7+ Ke8 39.
Rxb1 Kd7 40. Bf8 Ke6 41. Rb6+ Kf5 42. Bxg7 Kg5 43. Rf6 Kh5 44. f4 g5 45. Rh6#
1-0

[Event "Australian Junior Championship U16 2017"]
[Site "?"]
[Date "2017.01.21"]
[Round "8.8"]
[White "Rathnayake, Leron"]
[Black "Harris, Patrick"]
[Result "0-1"]
[WhiteElo "1003"]
[BlackElo "1169"]
[PlyCount "94"]
[EventType "swiss"]
[EventRounds "4"]
[SourceDate "2017.01.16"]

1. d4 d5 2. c4 c6 3. Nf3 Nf6 4. Nc3 e6 5. Bg5 Bb4 6. e3 Nbd7 7. Qc2 Qa5 8. a3
Ne4 9. Rc1 Bxc3+ 10. bxc3 Qxa3 11. Bd3 Nxg5 12. Nxg5 h6 13. Nh3 dxc4 14. Bxc4
Nf6 15. O-O O-O 16. Nf4 b5 17. Ra1 Qd6 18. Be2 a6 19. Nd3 Qe7 20. Ra5 Nd7 21.
Rfa1 Bb7 22. Bf3 Rfc8 23. Nb4 Nb8 24. Nd3 Nd7 25. Nb4 Ra7 26. Nxa6 Rca8 27. Qa2
Rxa6 28. Rxa6 Rxa6 29. Qb2 Rxa1+ 30. Qxa1 Nf6 31. Qa7 Qc7 32. g3 Nd5 33. Qc5
Bc8 34. e4 Nf6 35. e5 Nd5 36. Be2 Bd7 37. Bf3 Qb7 38. Kg2 Be8 39. Qd6 Nxc3 40.
Qd8 Qd7 41. Qb6 Nd5 42. Qc5 Qe7 43. Qc2 Qa3 44. Be4 b4 45. Qb1 b3 46. Qd3 b2
47. Qd1 Ne3+ 0-1

[Event "Australian Junior Championship U16 2017"]
[Site "?"]
[Date "2017.01.21"]
[Round "8.9"]
[White "Vagionas, George"]
[Black "Sarney, Jim"]
[Result "0-1"]
[WhiteElo "564"]
[BlackElo "1135"]
[PlyCount "54"]
[EventType "swiss"]
[EventRounds "4"]
[SourceDate "2017.01.16"]

1. d4 d5 2. c4 e5 3. e3 Nc6 4. Nc3 Bb4 5. Qc2 exd4 6. a3 dxc3 7. axb4 Nf6 8.
Qxc3 O-O 9. Bd3 Qe7 10. Nf3 Nxb4 11. b3 Ne4 12. Bxe4 dxe4 13. Nd4 Nd3+ 14. Kd2
Qf6 15. Rf1 Qg6 16. Ba3 Rd8 17. Rg1 c5 18. Nc2 Nf4+ 19. Kc1 Ne2+ 20. Kb2 Nxc3
21. Bxc5 Ne2 22. Rge1 Rd2 23. Bb4 Qf6+ 24. Kb1 Nc3+ 25. Bxc3 Qxc3 26. Ka2 Rxc2+
27. Ka3 Qa5# 0-1

[Event "Australian Junior Championship U16 2017"]
[Site "?"]
[Date "2017.01.21"]
[Round "8.10"]
[White "Salasan, Haran"]
[Black "Ilka, Alexander"]
[Result "1-0"]
[WhiteElo "1535"]
[BlackElo "617"]
[PlyCount "87"]
[EventType "swiss"]
[EventRounds "4"]
[SourceDate "2017.01.16"]

1. d4 d5 2. c4 Nf6 3. cxd5 Nxd5 4. Nf3 Nc6 5. e4 Nf6 6. Nc3 Bg4 7. d5 Nb4 8.
Qa4+ c6 9. Qxb4 e6 10. Qxb7 cxd5 11. Qc6+ Nd7 12. exd5 exd5 13. Nxd5 Rc8 14.
Qa4 Bxf3 15. gxf3 Bc5 16. Qe4+ Be7 17. Nxe7 Qxe7 18. Qxe7+ Kxe7 19. Bh3 Rcd8
20. Bxd7 Rxd7 21. Be3 Re8 22. O-O Kf8 23. Rfd1 Rc7 24. Rd2 a6 25. Rad1 f6 26.
Rd7 Rc2 27. R1d2 Rc1+ 28. Kg2 Rc6 29. Ra7 f5 30. Rdd7 Rg6+ 31. Kf1 Rb8 32. Bd4
Rc8 33. Rf7+ Kg8 34. Rxg7+ Rxg7 35. Rxg7+ Kf8 36. Rxh7 Rc1+ 37. Ke2 Rc2+ 38.
Kd3 Rxf2 39. Bxf2 Kg8 40. Rc7 Kf8 41. Kd4 Ke8 42. Kd5 Kd8 43. Kd6 Ke8 44. Ra7
1-0

[Event "Australian Junior Championship U16 2017"]
[Site "?"]
[Date "2017.01.21"]
[Round "8.11"]
[White "Odenthal, Dylan"]
[Black "Huang, Aaron"]
[Result "0-1"]
[WhiteElo "344"]
[BlackElo "683"]
[PlyCount "58"]
[EventType "swiss"]
[EventRounds "4"]
[SourceDate "2017.01.16"]

1. d4 d5 2. Bf4 Nf6 3. e3 e6 4. Nf3 c5 5. c3 Nc6 6. Nbd2 cxd4 7. cxd4 Bb4 8. a3
Bd6 9. g3 Bxf4 10. gxf4 a6 11. Ne5 Nd7 12. Nxc6 bxc6 13. Qa4 Bb7 14. Rc1 Qb6
15. b4 O-O 16. Bh3 g6 17. Rg1 Rfc8 18. f5 exf5 19. Bxf5 Rc7 20. h3 a5 21. Rb1
axb4 22. Qxb4 Qxb4 23. axb4 Bc8 24. Ke2 Nf6 25. Bxc8 Rcxc8 26. b5 cxb5 27. Rxb5
Ra2 28. Re1 Ne4 29. f3 Nc3+ 0-1

[Event "Aus Juniors"]
[Site "?"]
[Date "2017.01.21"]
[Round "8.1"]
[White "Yang, Gordon"]
[Black "Slater-Jones, Henry"]
[Result "1/2-1/2"]
[WhiteElo "1663"]
[BlackElo "1693"]
[PlyCount "60"]
[EventDate "2017.??.??"]
[EventType "swiss"]
[EventRounds "9"]
[SourceDate "2017.01.16"]

1. e4 c5 2. Nf3 d6 3. Bb5+ Bd7 4. Bxd7+ Nxd7 5. O-O Ngf6 6. Qe2 g6 7. c3 Bg7 8.
d4 cxd4 9. cxd4 O-O 10. Nc3 e5 11. dxe5 dxe5 12. Rd1 Qe7 13. Bg5 Rac8 14. Rd2
h6 15. Nd5 Qe6 16. Bxf6 Nxf6 17. Rad1 Rfd8 18. h3 Kh7 19. Qe3 b6 20. Nc3 Rxd2
21. Qxd2 Bf8 22. Qd3 a5 23. Nd5 Bg7 24. Nxf6+ Bxf6 25. b3 Rd8 26. Qe2 Rxd1+ 27.
Qxd1 a4 28. bxa4 Qxa2 29. Qd6 Kg7 30. Qxb6 Qxa4 1/2-1/2

[Event "Aus Juniors"]
[Site "?"]
[Date "2017.01.21"]
[Round "8.2"]
[White "Hathiramani, Dillon"]
[Black "Ostapenko, Michael"]
[Result "1/2-1/2"]
[WhiteElo "1835"]
[BlackElo "1777"]
[PlyCount "145"]
[EventDate "2017.??.??"]
[EventType "swiss"]
[EventRounds "9"]
[SourceDate "2017.01.16"]

1. e4 e6 2. d3 d5 3. Nd2 Nf6 4. Ngf3 c5 5. g3 Be7 6. Bg2 O-O 7. O-O Nc6 8. Re1
Qc7 9. e5 Nd7 10. Qe2 b5 11. Nf1 a5 12. Bf4 Nb6 13. h4 b4 14. N1h2 a4 15. Ng5
Nd4 16. Qh5 Bxg5 17. hxg5 Nxc2 18. Ng4 Rd8 19. Nf6+ Kf8 20. Qxh7 g6 21. Ng8 Ke8
22. Nh6 Qe7 23. Be3 Ra5 24. Ng4 Kd7 25. Rec1 Nxa1 26. Rxa1 Kc7 27. Rc1 d4 28.
Bd2 Bb7 29. Bxb4 Rb5 30. Ba3 Bxg2 31. Kxg2 Nd5 32. Nf6 Nxf6 33. gxf6 Qf8 34.
Rc4 Ra8 35. Rxd4 Qe8 36. Rc4 Kb6 37. Qh4 Qc6+ 38. f3 Qd5 39. Qe4 Rd8 40. Rxa4
Qxd3 41. Qxd3 Rxd3 42. Ra8 Kc6 43. Ra7 Rb7 44. Rxb7 Rd2+ 45. Kh3 Kxb7 46. Bxc5
Rxb2 47. a3 Kc6 48. Bd6 Kd5 49. Kg4 Rh2 50. Kf4 Kd4 51. Bb4 Kd5 52. g4 Rc2 53.
Bd6 Rg2 54. Kg5 Rh2 55. Bc7 Rh3 56. Bd6 Kc4 57. Kf4 Kd4 58. a4 Kd5 59. a5 Kc6
60. Be7 Rh8 61. Bb4 Kb5 62. Be1 Rh1 63. Bd2 Rd1 64. Ke3 Rg1 65. Ke2 Rg2+ 66.
Ke3 Rg1 67. Kf2 Rd1 68. Ke2 Rg1 69. Kd3 Rd1 70. Ke2 Rg1 71. Be3 Rg2+ 72. Kf1
Rc2 73. Bb6 1/2-1/2

[Event "Aus Juniors"]
[Site "?"]
[Date "2017.01.22"]
[Round "9.1"]
[White "Yap, Ignatius"]
[Black "Yang, Gordon"]
[Result "1/2-1/2"]
[WhiteElo "1865"]
[BlackElo "1663"]
[PlyCount "77"]
[EventDate "2017.??.??"]
[EventType "swiss"]
[EventRounds "9"]
[SourceDate "2017.01.16"]

1. e4 c5 2. c3 d5 3. exd5 Qxd5 4. d4 Nc6 5. Nf3 Bg4 6. Be2 cxd4 7. cxd4 e6 8.
Nc3 Qa5 9. Qb3 Qb4 10. Be3 Qxb3 11. axb3 Bb4 12. O-O Nf6 13. Rfd1 O-O 14. d5
exd5 15. Nxd5 Nxd5 16. Rxd5 Be6 17. Rb5 Bxb3 18. Nd4 Nxd4 19. Bxd4 a5 20. Rxb7
Rfb8 21. Rxb8+ Rxb8 22. Rc1 Re8 23. Bc3 Bxc3 24. Rxc3 Rb8 25. Rc5 a4 26. Kf1 g6
27. Ke1 Ra8 28. Rc3 Rd8 29. Bd3 Rd4 30. Kd2 Kg7 31. Rc5 Rb4 32. Kc3 Rb7 33. Bb5
Re7 34. f3 Re1 35. Bc4 Rc1+ 36. Kb4 Rc2 37. Bxb3 axb3 38. Rg5 Rxb2 39. Kc3
1/2-1/2

[Event "Aus Juniors"]
[Site "?"]
[Date "2017.01.22"]
[Round "9.2"]
[White "Slater-Jones, Henry"]
[Black "Gooch, Heath"]
[Result "1-0"]
[WhiteElo "1693"]
[BlackElo "1750"]
[PlyCount "71"]
[EventDate "2017.??.??"]
[EventType "swiss"]
[EventRounds "9"]
[SourceDate "2017.01.16"]

1. d4 d5 2. c4 c6 3. Nc3 dxc4 4. e3 b5 5. a4 b4 6. Ne4 e6 7. Bxc4 Bb7 8. Nf3
Nd7 9. O-O Ngf6 10. Nxf6+ Nxf6 11. Qe2 a5 12. b3 Be7 13. Bb2 O-O 14. Rac1 Ne4
15. Rfd1 Qb6 16. Ne5 Rfd8 17. Bd3 Nf6 18. Ng4 Nxg4 19. Qxg4 Bf6 20. Be4 Rd6 21.
g3 Qd8 22. Bf3 Qd7 23. e4 Bxd4 24. e5 Bxb2 25. Rxd6 Qc7 26. Rc2 Bxe5 27. Rd1
Bc3 28. Qc4 Rc8 29. Qc5 Rd8 30. Rxd8+ Qxd8 31. Rc1 Bd4 32. Rd1 e5 33. Qxe5 c5
34. Rxd4 cxd4 35. Bxb7 d3 36. Qd5 1-0

[Event "Australian Junior Championship U16 2017"]
[Site "?"]
[Date "2017.01.22"]
[Round "9.3"]
[White "Ginovic, Aleksy"]
[Black "Hathiramani, Dillon"]
[Result "0-1"]
[WhiteElo "1224"]
[BlackElo "1835"]
[PlyCount "66"]
[EventType "swiss"]
[EventRounds "4"]
[SourceDate "2017.01.16"]

1. d4 Nf6 2. c4 e6 3. Nf3 b6 4. a3 Bb7 5. Nc3 Be7 6. Bg5 O-O 7. e3 c5 8. d5
Nxd5 9. Nxd5 Bxg5 10. Nxg5 exd5 11. Nf3 dxc4 12. Bxc4 d5 13. Ba2 Na6 14. O-O
Nc7 15. Rc1 Qe7 16. Qc2 Rac8 17. Rfd1 Rfd8 18. Qf5 Rd6 19. Bb1 g6 20. Qg4 Ne6
21. Nh4 Ng7 22. Rd2 Rcd8 23. Rcd1 Bc8 24. Qg3 Nh5 25. Nf5 Bxf5 26. Qf3 Bxb1 27.
Rxb1 Qe4 28. Qd1 d4 29. Rc1 Nf6 30. h3 Rd5 31. a4 dxe3 32. Rxd5 exf2+ 33. Kxf2
Rxd5 0-1

[Event "Australian Junior Championship U16 2017"]
[Site "?"]
[Date "2017.01.22"]
[Round "9.4"]
[White "Ostapenko, Michael"]
[Black "Manuneedhi, Kabilan"]
[Result "1-0"]
[WhiteElo "1777"]
[BlackElo "1260"]
[PlyCount "47"]
[EventType "swiss"]
[EventRounds "4"]
[SourceDate "2017.01.16"]

1. e4 c5 2. Nf3 e6 3. d4 cxd4 4. Nxd4 Nc6 5. Nc3 a6 6. Be3 d6 7. Bd3 Nf6 8. O-O
Be7 9. Kh1 O-O 10. f4 e5 11. Nf5 Bxf5 12. exf5 d5 13. fxe5 Nxe5 14. Bd4 Bd6 15.
h3 Re8 16. Bxe5 Bxe5 17. Qf3 Rc8 18. Rab1 Bb8 19. g4 Qd6 20. Rf2 Ba7 21. Qf4
Qc6 22. Re2 d4+ 23. Ne4 Nd5 24. Qf3 1-0